Carregando...

Samakalin gadya sarjana/

Detalhes bibliográficos
Autor principal: Premshankar Reghuvamshi
Formato: Printed Book
Publicado em: Illahabad: Vibha Prakashan, 2010.
Assuntos:
LEADER 00590nam a22001697a 4500
020 |a 8188214914 
082 |a H808  |b PRE/S 
100 |a Premshankar Reghuvamshi  |9 45799 
245 |a Samakalin gadya sarjana/  |c by Premshankar Reghuvamshi 
260 |a Illahabad:  |b Vibha Prakashan,  |c 2010. 
300 |a 196p. 
650 |a Prose Literature Hindi  |9 45800 
650 |a Literature Hindi  |9 45801 
650 |a Literature  |9 45802 
942 |c BK 
999 |c 71361  |d 71361 
952 |0 0  |1 0  |4 0  |6 H_808_000000000000000_PRE_S  |7 0  |9 91968  |a SSUS  |b SSUS  |c STACKS  |d 2018-05-16  |g 250.00  |o H808 PRE/S  |p 089161  |r 2018-05-16  |w 2018-05-16  |y BK